Language Quiz

Random Language or Color Quiz

Portuguese Colors Flashcards Quiz Stats

 Plays Quiz not verified by Sporcle

Score 0/11 Timer 01:00
0 Plays Today
% Correct
Branco
98.8%
Azul
98.2%
Verde
97.1%
Amarelo
97.1%
Laranja
96.5%
Marrom
90.6%
Rosa
88.3%
Cinza
85.4%
Preto
84.8%
Roxo
77.8%
Vermelho
75.4%

You're not logged in!

Compare scores with friends on all Sporcle quizzes.
OR
Log In

You Might Also Like...

Show Comments

Extras

Top Quizzes Today


Score Distribution

Your Account Isn't Verified!

In order to create a playlist on Sporcle, you need to verify the email address you used during registration. Go to your Sporcle Settings to finish the process.

Report this User

Report this user for behavior that violates our Community Guidelines.

Details: